000 00200nam a22000857a 4500
008 161119b xxu||||| |||| 00| 0 eng d
100 _91285
_aCCE
245 _aCCE. English-X
260 _aNew Delhi
_bCCE
_c2011
999 _c3989
_d3989